| 000 | 00791nam a2200253 4500 | ||
|---|---|---|---|
| 003 | LK-CoMWRAF | ||
| 005 | 20230921100256.0 | ||
| 008 | 230826b2009 |||||||| |||| 00| 0 eng d | ||
| 020 | _a9789551772338 | ||
| 040 |
_aLK-CoMWRAF _dLK-CoMWRAF _eLK-CoMWRAF |
||
| 041 | _aeng | ||
| 082 |
_a303.485 _bAFT |
||
| 245 |
_aAfter the Waves: _bThe Impact of the Tsunami on Women in Sri Lanka |
||
| 260 |
_aColombo: _bSocial Scientists' Association, _c2009 |
||
| 300 |
_a304 p. _bBibliography included |
||
| 650 | _aWOMEN DISASTER VICTIMS-REHABILITATION-SRI LANKA | ||
| 650 | _aTsunami relief-Sri lanka, | ||
| 650 | _aSocial disasters, | ||
| 650 | _aTsunami | ||
| 700 |
_a Neloufer De Mel, _eed. |
||
| 700 |
_a Kanchana N. Ruwanpura _eed. |
||
| 700 |
_aGameela Samarasinghe _eed. |
||
| 942 | _cBK | ||
| 999 |
_c3271 _d3271 |
||